| 000 | 00751cam a22002293a 4500 | ||
|---|---|---|---|
| 001 | 17645 | ||
| 003 | PGUSA | ||
| 005 | 20140828083357.0 | ||
| 008 | 060131s2006||||xxu|||||s|||||000 | eng d | ||
| 040 |
_aPGUSA _beng |
||
| 042 | _adc | ||
| 050 | 4 | _aSD | |
| 100 | 1 |
_aEgleston, Nathaniel Hillyer, _d1822-1912 |
|
| 245 | 1 | 0 |
_aArbor Day Leaves : _bA Complete Programme For Arbor Day Observance, Including Readings, Recitations, Music, and General Information _h[electronic resource] / _cNathaniel Hillyer Egleston |
| 260 |
_bProject Gutenberg, _c2006 |
||
| 506 | _aPublic domain in the USA. | ||
| 516 | _aElectronic text | ||
| 653 | _aArbor Day | ||
| 830 | 0 |
_aProject Gutenberg _v17645 |
|
| 856 | 4 | 0 | _uhttp://www.gutenberg.org/ebooks/17645 |
| 942 | _cEB | ||
| 999 |
_c246900 _d246900 |
||